000 00645nam a2200205 a 4500
001 000042602
005 20240412074301.0
008 140130s2013 dr 000 j spa d
020 _a9789945009651
040 _aDO-SdBNP
_bspa
_cBNPHU
082 _aRD863.5
_bR466c
100 1 _aReynoso, Cristian
_969851
245 1 4 _aLos cuentos de Rey /
_cCristian Reynoso.
260 _aSanto Domingo :
_b[s.n.],
_c2013.
300 _a177 p. ;
_c20 cm.
590 _aLa biblioteca posee 3 ejemplares autografíados por el autor
650 0 _aCuentos dominicanos
_9176
650 0 _aLiteratura dominicana.
_967
910 _aValidado. Control de calidad MFF
999 _c42091
_d42091